Rugby General Knowledge - Statistics

General Stats
  • This quiz has been taken 6,742 times
  • The average score is 15 of 16
Answer Stats
Hint Answer % Correct
Shirt number of lock/second-row 4 or 5
99%
Number of players in the scrum 8
99%
The New Zealand pre-match (Maori) ritual Haka
99%
Shirt number of full-back 15
98%
Site of the 2015 world cup England
98%
Country in the six-nations England
98%
Country in the six-nations France
97%
Country in the six-nations Ireland
97%
Country in the six-nations Scotland
97%
Last winner of the six-nations Wales
97%
Country in the six-nations Italy
95%
Winner of the last world cup New Zealand
95%
The place rugby was invented Rugby (a town in England)
94%
The Length of a rugby pitch 100 metres
88%
Primary international English rugby ground Twickenham
86%
The meaning of R.F.U Rugby Football Union
83%
No matching quizzes found
Score Distribution
Percent of People with Each Score
Percentile by Number Answered
Your Score History
You have not taken this quiz